| 000 | 00996nam a22001817a 4500 | ||
|---|---|---|---|
| 999 |
_c57245 _d57245 |
||
| 003 | Ge_BSU | ||
| 005 | 20200127163551.0 | ||
| 008 | 200127s2004 ||||| |||| 00| 0 geo d | ||
| 041 | _ageo | ||
| 080 | _a341.231.14(4) ა-26 | ||
| 245 |
_aადამიანის უფლებათა ევროპული სასამართლოს განაჩენთა კრებული : _bწ. 2 / _cმთარგმნ. ლაშა ჭელიძე. |
||
| 264 |
_aთბილისი : _bევროპის საბჭო, _c2004. |
||
| 300 |
_a358 გვ .; _c23 სმ. |
||
| 653 | _aადამიანის უფლებათა დაცვა. ადამიანის უფლებათა ევროპული სასამართლოს განაჩენთა კრებული | ||
| 653 | _aსამართალი | ||
| 700 |
_aჭელიძე, ლაშა _eმთარგმნელი _91297 |
||
| 942 |
_2udc _cBK |
||